Využitie metódy FMEA pri manažmente rizík v podniku

Pojem riziko a manažment rizika. Metóda FMEA. FMEA vo vybranom podniku.

Salvato in:
Dettagli Bibliografici
Autore principale: Horváthová, Miroslava
Natura: Capitolo di libro
Lingua:slovacco
Soggetti:
Tags: Aggiungi Tag
Nessun Tag, puoi essere il primo ad aggiungerne!!

MARC

LEADER 00000naa a2200000 4500
001 0252299
005 20240502074038.3
041 0 |a slo 
044 |a SK 
245 1 0 |a Využitie metódy FMEA pri manažmente rizík v podniku  |c Miroslava Horváthová 
520 |a Pojem riziko a manažment rizika. Metóda FMEA. FMEA vo vybranom podniku. 
610 2 0 |a riadenie rizík 
610 2 0 |a risk management 
610 2 0 |a riadenie kvality 
610 2 0 |a podnik 
100 1 |a Horváthová, Miroslava